000
00247nam a2200097Ia 4500
001
1206081
005
20251014115009.0
008
250824s9999 xx 000 0 und d
245
0
_a
CANFEDA
_c
CAN YÜCEL
260
_b
TÜRKİYE İŞ BANKASI YAYINLARI
999
_c
1206081
_d
1206081